[Event "Zlin Region-chT 2223"]
[Site "Czech Republic"]
[Date "2023.04.02"]
[Round "11.3"]
[White "Zvardon, Petr"]
[Black "Sebela, Ladislav"]
[Result "0-1"]
[WhiteElo "2068"]
[BlackElo "1841"]
[PlyCount "102"]
[EventDate "2022.10.09"]
[EventType "team-tourn"]
[EventRounds "11"]
[EventCountry "CZE"]
[SourceTitle "EXT 2024"]
[Source "ChessBase"]
[SourceDate "2023.10.10"]
[SourceVersion "1"]
[SourceVersionDate "2023.10.10"]
[SourceQuality "1"]
[WhiteTeam "Francova Lhota Sokol"]
[BlackTeam "Borsice"]
[WhiteTeamCountry "CZE"]
[BlackTeamCountry "CZE"]

1. Nf3 d5 2. c4 e6 3. g3 g6 4. Bg2 Bg7 5. 0-0 Ne7 6. d4 0-0 7. Nc3 Nd7 8. Bf4 a6 9. Rc1 dxc4 10. e4 c6 11. Qd2 Qa5 12. Nd5 Qd8 13. Bc7 Qe8 14. Ne3 b5 15. Bd6 Bb7 16. e5 Qd8 17. Ng5 h6 18. Ne4 Re8 19. h4 Nf5 20. h5 Kh7 21. hxg6+ fxg6 22. f4 Qb6 23. Nc5 Nxc5 24. Bxc5 Qc7 25. g4 Nxe3 26. Qxe3 Bf8 27. Qe4 Qg7 28. Rcd1 Rad8 29. Rd2 Bxc5 30. dxc5 Qe7 31. Rd6 Qh4 32. Qf3 Kg7 33. Rfd1 Kf7 34. Bh3 Rh8 35. Kg2 Qe7 36. Rh1 Kg7 37. Qd1 Rhf8 38. Qd4 Kg8 39. Kg3 Rxd6 40. cxd6 Qf7 41. Qe3 h5 42. gxh5 gxh5 43. Bg2 Kg7 44. Rh4 b4 45. Qg1 Kh6 46. Qh1 Qg7+ 47. Kh2 Rb8 48. Qf1 c5 49. Bxb7 Qxb7 50. Qe2 Qg7 51. Qxc4 Rg8 0-1

[Event "SVK-chT2B 2223"]
[Site "Slovakia"]
[Date "2023.02.12"]
[Round "9.1"]
[White "Gazik, Igor"]
[Black "Zvardon, Petr"]
[Result "1-0"]
[WhiteElo "2216"]
[BlackElo "2027"]
[PlyCount "81"]
[EventDate "2022.10.08"]
[EventType "team-tourn"]
[EventRounds "11"]
[EventCountry "SVK"]
[SourceTitle "EXT 2024"]
[Source "ChessBase"]
[SourceDate "2023.10.10"]
[SourceVersion "1"]
[SourceVersionDate "2023.10.10"]
[SourceQuality "1"]
[WhiteTeam "Prievidza"]
[BlackTeam "Nemsova Horne Srnie"]
[WhiteTeamCountry "SVK"]
[BlackTeamCountry "SVK"]

1. e4 c5 2. Nf3 e6 3. d4 cxd4 4. Nxd4 Nf6 5. Nc3 Nc6 6. Nxc6 dxc6 7. Qxd8+ Kxd8 8. Bg5 h6 9. 0-0-0+ Ke8 10. Bh4 g5 11. Bg3 Nd7 12. Be2 Bg7 13. h4 Ne5 14. hxg5 hxg5 15. Rxh8+ Bxh8 16. Rh1 Ng6 17. Rh7 Kf8 18. Bh5 Kg8 19. Bxg6 fxg6 20. Rh1 e5 21. Na4 Bf6 22. Nc5 b6 23. Nd3 Bb7 24. Bxe5 Bxe5 25. Nxe5 Re8 26. Ng4 Kg7 27. Rh7+ Kxh7 28. Nf6+ Kh6 29. Nxe8 c5 30. Nd6 Bc6 31. Kd2 g4 32. Ke3 Kg5 33. Nc8 g3 34. f4+ Kh4 35. Nd6 Bd7 36. Nf7 Be6 37. Ne5 Bxa2 38. Nxg6+ Kh5 39. Ne5 Bb1 40. Kd2 a5 41. Kc1 1-0

[Event "Zlin Region-chT 2223"]
[Site "Czech Republic"]
[Date "2023.01.29"]
[Round "7.3"]
[White "Zvardon, Petr"]
[Black "Staufcik, Michal"]
[Result "1-0"]
[WhiteElo "2068"]
[BlackElo "1989"]
[PlyCount "118"]
[EventDate "2022.10.09"]
[EventType "team-tourn"]
[EventRounds "11"]
[EventCountry "CZE"]
[SourceTitle "EXT 2024"]
[Source "ChessBase"]
[SourceDate "2023.10.10"]
[SourceVersion "1"]
[SourceVersionDate "2023.10.10"]
[SourceQuality "1"]
[WhiteTeam "Francova Lhota Sokol"]
[BlackTeam "Stare Mesto  III"]
[WhiteTeamCountry "CZE"]
[BlackTeamCountry "CZE"]

1. e4 c5 2. Nf3 Nc6 3. Bb5 a6 4. Bxc6 dxc6 5. d3 g6 6. Nc3 Bg7 7. Be3 b6 8. 0-0 e5 9. h3 f6 10. Qd2 Ne7 11. Ne2 0-0 12. Bh6 Be6 13. b3 Nc8 14. Bxg7 Kxg7 15. Nh2 g5 16. Ng4 Ne7 17. Ng3 Kg6 18. Ne3 h5 19. Qe2 h4 20. Ngf5 Bxf5 21. exf5+ Kg7 22. Qf3 Qd4 23. Rae1 Qf4 24. Qd1 Rab8 25. a4 Nxf5 26. Nc4 Nh6 27. Re4 Qf5 28. Qe2 Nf7 29. Qd2 Rfd8 30. Qe1 Nd6 31. Nxd6 Rxd6 32. a5 b5 33. Qc3 Rd5 34. Rfe1 Qd7 35. Qa1 Rd8 36. Qc3 Qd6 37. Qa1 Rd4 38. Qc3 Qd5 39. Kh2 Rxe4 40. Rxe4 Re8 41. Qe1 Re6 42. f4 gxf4 43. Qxh4 Qd7 44. Qg4+ Kf7 45. Qf5 Ke7 46. h4 Kd6 47. g3 fxg3+ 48. Kxg3 Qg7+ 49. Rg4 Qh6 50. Rg8 Qe3+ 51. Kg2 Qd2+ 52. Kf1 Qd1+ 53. Kf2 Qxc2+ 54. Kg3 Qxb3 55. Rd8+ Ke7 56. Ra8 c4 57. Qh7+ Kd6 58. Rd8+ Kc5 59. Qg7 c3 1-0

[Event "SVK-chT2B 2223"]
[Site "Slovakia"]
[Date "2022.11.12"]
[Round "3.1"]
[White "Molnar, Erno"]
[Black "Zvardon, Petr"]
[Result "1-0"]
[WhiteElo "2216"]
[BlackElo "2071"]
[PlyCount "89"]
[EventDate "2022.10.08"]
[EventType "team-tourn"]
[EventRounds "11"]
[EventCountry "SVK"]
[SourceTitle "EXT 2024"]
[Source "ChessBase"]
[SourceDate "2023.10.10"]
[SourceVersion "1"]
[SourceVersionDate "2023.10.10"]
[SourceQuality "1"]
[WhiteTeam "Komarno II"]
[BlackTeam "Nemsova Horne Srnie"]
[WhiteTeamCountry "SVK"]
[BlackTeamCountry "SVK"]

1. e4 c5 2. Nf3 a6 3. c3 d6 4. d4 cxd4 5. cxd4 e6 6. Nc3 Nf6 7. Bd3 Be7 8. 0-0 Nc6 9. Qe2 e5 10. d5 Nb8 11. h3 0-0 12. Be3 Nbd7 13. b4 Ne8 14. Nd2 Bg5 15. Nc4 g6 16. a4 b6 17. Rac1 f5 18. exf5 gxf5 19. f4 exf4 20. Bxf4 Ne5 21. Nxe5 dxe5 22. Bxg5 Qxg5 23. Qxe5 Ra7 24. Rce1 Rg7 25. Rf2 Qg3 26. Qxg3 Rxg3 27. Rf3 Rxf3 28. gxf3 Nd6 29. Re7 Rf7 30. Rxf7 Kxf7 31. Kf2 Kf6 32. f4 a5 33. bxa5 bxa5 34. Ke3 Ke7 35. Kd4 Ne4 36. Bxe4 fxe4 37. Nxe4 Bxh3 38. d6+ Kd8 39. Ke5 Bg2 40. f5 h5 41. f6 Ke8 42. Ng5 Bc6 43. f7+ Kf8 44. Kf6 Bxa4 45. Ne6# 1-0

[Event "Zlin Region-chT 2223"]
[Site "Czech Republic"]
[Date "2022.10.23"]
[Round "2.3"]
[White "Zvardon, Petr"]
[Black "Horsak, Jan"]
[Result "1-0"]
[WhiteElo "2068"]
[BlackElo "2064"]
[PlyCount "61"]
[EventDate "2022.10.09"]
[EventType "team-tourn"]
[EventRounds "11"]
[EventCountry "CZE"]
[SourceTitle "EXT 2024"]
[Source "ChessBase"]
[SourceDate "2023.10.10"]
[SourceVersion "1"]
[SourceVersionDate "2023.10.10"]
[SourceQuality "1"]
[WhiteTeam "Francova Lhota Sokol"]
[BlackTeam "Stare Mesto II"]
[WhiteTeamCountry "CZE"]
[BlackTeamCountry "CZE"]

1. Nf3 d5 2. c4 dxc4 3. Na3 Nc6 4. Nxc4 Qd5 5. d3 Bg4 6. Ne3 Qd7 7. Nxg4 Qxg4 8. g3 e5 9. Bg2 Bb4+ 10. Nd2 Nge7 11. 0-0 0-0 12. a3 Bd6 13. e3 Qe6 14. b4 Rad8 15. Qb3 Qg6 16. Bb2 Kh8 17. Nc4 a6 18. Rad1 b5 19. Nxd6 Rxd6 20. f4 exf4 21. Rxf4 f6 22. Be4 Qg5 23. d4 Rfd8 24. Qf7 f5 25. Bxc6 Rxc6 26. d5 Rc2 27. Bd4 c6 28. Rdf1 Rxd5 29. Qf8+ Ng8 30. Rxf5 Qh6 31. Qxg8+ 1-0

[Event "SVK-chT3B2 1920"]
[Site "Slovakia"]
[Date "2020.06.21"]
[Round "10.1"]
[White "Zvardon, Petr"]
[Black "Kutny, Marian"]
[Result "1-0"]
[WhiteElo "2043"]
[BlackElo "1961"]
[PlyCount "113"]
[EventDate "2019.10.06"]
[EventType "team-tourn"]
[EventRounds "11"]
[EventCountry "SVK"]
[SourceTitle "EXT 2022"]
[Source "ChessBase"]
[SourceDate "2021.10.06"]
[SourceVersion "1"]
[SourceVersionDate "2021.10.06"]
[SourceQuality "1"]
[WhiteTeam "Nemsova Horne Srnie"]
[BlackTeam "Belusa"]
[WhiteTeamCountry "SVK"]
[BlackTeamCountry "SVK"]

1. Nf3 Nf6 2. g3 d5 3. Bg2 g6 4. b3 Bg7 5. Bb2 0-0 6. 0-0 c5 7. d3 Nc6 8. Nbd2 Re8 9. e4 dxe4 10. dxe4 Nd4 11. Nxd4 cxd4 12. a4 e5 13. Nc4 Qc7 14. Re1 Be6 15. Bf1 a6 16. a5 Nd7 17. Qd2 Rac8 18. Ba3 Bf8 19. Bxf8 Rxf8 20. Bd3 Bxc4 21. Bxc4 Nf6 22. Qg5 Ne8 23. Bd3 f6 24. Qg4 Ng7 25. Ra4 Qd6 26. Rc4 Rxc4 27. Bxc4+ Kh8 28. Rf1 f5 29. exf5 Nxf5 30. Qe4 Qc7 31. Ra1 Ne7 32. Ra4 Nc6 33. Qe1 Qd6 34. Bd3 Re8 35. Be4 Re7 36. Kg2 Qc7 37. h4 Kg7 38. Qd2 Qd6 39. Rc4 Qc7 40. h5 Qxa5 41. Qg5 Re6 42. Qg4 Rf6 43. Qd7+ Kh6 44. hxg6 hxg6 45. Qh3+ Kg7 46. Qh1 Qd2 47. Qf1 Qg5 48. Rc5 Qg4 49. Qe1 Qd7 50. Bxc6 Rxc6 51. Qxe5+ Kh7 52. Rd5 Qc7 53. Qxd4 Kh6 54. Qd2+ g5 55. Qxg5+ Kh7 56. Qf5+ Kg8 57. Rd7 1-0

[Event "CZE-chT2E 1819"]
[Site "Czech Republic"]
[Date "2019.01.13"]
[Round "6.7"]
[White "Kasik, Miroslav1111"]
[Black "Zvardon, Petr"]
[Result "1-0"]
[WhiteElo "1956"]
[BlackElo "1971"]
[PlyCount "77"]
[EventDate "2018.10.14"]
[EventType "team-tourn"]
[EventRounds "11"]
[EventCountry "CZE"]
[SourceTitle "EXT 2022"]
[Source "ChessBase"]
[SourceDate "2021.10.06"]
[SourceVersion "1"]
[SourceVersionDate "2021.10.06"]
[SourceQuality "1"]
[WhiteTeam "Kromeriz Slavia II"]
[BlackTeam "Vsetin"]
[WhiteTeamCountry "CZE"]
[BlackTeamCountry "CZE"]

1. e4 c5 2. Nf3 d6 3. Bb5+ Bd7 4. Bxd7+ Qxd7 5. c4 g6 6. d4 Bg7 7. 0-0 Nf6 8. Nc3 0-0 9. h3 cxd4 10. Nxd4 Nc6 11. Be3 Rac8 12. b3 Ne8 13. Rc1 Nc7 14. Qd2 Ne6 15. Nxe6 Qxe6 16. Bh6 Bxh6 17. Qxh6 Qe5 18. Qe3 e6 19. Rfd1 Rfd8 20. Rd2 a6 21. Qb6 Rd7 22. f3 Rcd8 23. Na4 d5 24. Nc5 Qf4 25. Rcd1 Qe3+ 26. Kf1 Rd6 27. Rd3 Qf4 28. Nxb7 d4 29. Nxd8 Nxd8 30. Qb8 g5 31. c5 Rc6 32. Qxd8+ Kg7 33. Qxd4+ e5 34. Qd5 Rf6 35. c6 g4 36. hxg4 Rh6 37. Kf2 Rh3 38. gxh3 Qh2+ 39. Ke1 1-0

[Event "SVK-chT2B 1819"]
[Site "Slovakia"]
[Date "2018.11.18"]
[Round "4.3"]
[White "Hanko, Pavol"]
[Black "Zvardon, Petr"]
[Result "1-0"]
[WhiteElo "2086"]
[BlackElo "1977"]
[PlyCount "99"]
[EventDate "2018.10.13"]
[EventType "team-tourn"]
[EventRounds "11"]
[EventCountry "SVK"]
[SourceTitle "CBM 187 Extra"]
[Source "ChessBase"]
[SourceDate "2018.11.04"]
[SourceVersion "1"]
[SourceVersionDate "2018.11.04"]
[SourceQuality "1"]
[WhiteTeam "Prievidza"]
[BlackTeam "Nemsova Horne Srnie"]
[WhiteTeamCountry "SVK"]
[BlackTeamCountry "SVK"]

1. d4 Nf6 2. Nf3 e6 3. c4 b6 4. g3 Bb7 5. Bg2 Be7 6. 0-0 0-0 7. Nc3 Ne4 8. Qc2 Nxc3 9. Qxc3 d6 10. Rd1 Nd7 11. Qc2 f5 12. Ne1 Bxg2 13. Nxg2 Qe8 14. Nf4 Bg5 15. Nxe6 Qxe6 16. Bxg5 Rae8 17. Re1 f4 18. Bxf4 Qh3 19. Qd2 Re4 20. e3 h6 21. f3 Re7 22. g4 Qxf3 23. Qg2 Qxg2+ 24. Kxg2 g5 25. Bg3 Nf6 26. a3 Rfe8 27. Bf2 Kg7 28. Rac1 Ne4 29. Bg1 Rf7 30. b4 c6 31. Rf1 Ref8 32. Rxf7+ Rxf7 33. b5 c5 34. dxc5 bxc5 35. a4 Kf8 36. Rc2 Ke8 37. Bf2 Kd8 38. Be1 Kc7 39. Rc1 Kb7 40. Rd1 Rf8 41. Rd5 a6 42. Rf5 Rxf5 43. gxf5 axb5 44. axb5 Kb6 45. Kf3 d5 46. cxd5 Nd6 47. e4 Kxb5 48. Bg3 Nf7 49. e5 c4 50. e6 1-0

[Event "CZE-chT2E 1718"]
[Site "Czech Republic"]
[Date "2018.04.08"]
[Round "11.7"]
[White "Zvardon, Petr"]
[Black "Vaculik, Martin1111"]
[Result "1-0"]
[WhiteElo "2007"]
[BlackElo "1347"]
[PlyCount "69"]
[EventDate "2017.10.15"]
[EventType "team-tourn"]
[EventRounds "11"]
[EventCountry "CZE"]
[SourceTitle "EXT 2022"]
[Source "ChessBase"]
[SourceDate "2021.10.06"]
[SourceVersion "1"]
[SourceVersionDate "2021.10.06"]
[SourceQuality "1"]
[WhiteTeam "Vsetin"]
[BlackTeam "Hustopece"]
[WhiteTeamCountry "CZE"]
[BlackTeamCountry "CZE"]

1. Nf3 d5 2. c4 c6 3. g3 Nf6 4. Bg2 g6 5. b3 Bg7 6. Bb2 0-0 7. 0-0 Bf5 8. d3 dxc4 9. bxc4 Qb6 10. Qc2 Na6 11. Nbd2 Rfd8 12. Rab1 Qc7 13. Be5 Qc8 14. Qb2 b6 15. Rfe1 Nh5 16. a4 f6 17. Bc3 Rb8 18. Qa2 c5 19. a5 Rd6 20. axb6 Rdxb6 21. Rb5 Be6 22. Ra5 Nb4 23. Bxb4 cxb4 24. Nb3 a6 25. Rc5 Qd7 26. Qa5 Bf7 27. Nfd4 e5 28. Nc6 R8b7 29. Rd5 Bxd5 30. Bxd5+ Kh8 31. Nc5 Qc7 32. Nxb7 Rxb7 33. Qxa6 Bf8 34. Qa8 Kg7 35. Nd8 1-0

[Event "CZE-chT2E 1718"]
[Site "Czech Republic"]
[Date "2018.03.18"]
[Round "10.6"]
[White "Zvardon, Petr"]
[Black "Sekanina, Jiri"]
[Result "0-1"]
[WhiteElo "2007"]
[BlackElo "2052"]
[PlyCount "122"]
[EventDate "2017.10.15"]
[EventType "team-tourn"]
[EventRounds "11"]
[EventCountry "CZE"]
[SourceTitle "EXT 2022"]
[Source "ChessBase"]
[SourceDate "2021.10.06"]
[SourceVersion "1"]
[SourceVersionDate "2021.10.06"]
[SourceQuality "1"]
[WhiteTeam "Vsetin"]
[BlackTeam "Lipovec Garde"]
[WhiteTeamCountry "CZE"]
[BlackTeamCountry "CZE"]

1. e4 c5 2. Nf3 d6 3. Bb5+ Bd7 4. Bxd7+ Qxd7 5. c4 Nc6 6. Nc3 Nf6 7. 0-0 g6 8. d3 Bg7 9. h3 0-0 10. Be3 e6 11. a3 b6 12. Rb1 d5 13. e5 Ne8 14. Bf4 Nc7 15. Re1 h6 16. Qa4 Rfd8 17. Rbd1 d4 18. Nb5 Nxb5 19. Qxb5 Qc7 20. Qb3 a6 21. Qc2 Rac8 22. Qe2 b5 23. b3 bxc4 24. bxc4 Rb8 25. h4 Rb3 26. Bc1 Rb6 27. Qe4 Rdb8 28. h5 Ne7 29. hxg6 fxg6 30. Nh4 g5 31. Nf3 Rf8 32. Bd2 Qd7 33. Rb1 Rfb8 34. Rxb6 Rxb6 35. Ba5 Rb8 36. Nh2 Qc6 37. Qe2 Ng6 38. Ng4 Nf4 39. Qf1 Rb3 40. g3 Nxd3 41. Rb1 Qa4 42. Rxb3 Qxb3 43. Qe2 Qb1+ 44. Kh2 Nc1 45. Qf3 Qf5 46. Qa8+ Kh7 47. f3 Nd3 48. Bc7 Nxe5 49. Bxe5 Bxe5 50. Qb7+ Bg7 51. Kg2 h5 52. Nf2 g4 53. f4 e5 54. Ne4 exf4 55. Qe7 fxg3 56. Kxg3 d3 57. Kh4 Kg6 58. Qe8+ Kh6 59. Qc6+ Bf6+ 60. Kg3 Kg7 61. Nd6 Be5+ 0-1

[Event "CZE-chT2E 1718"]
[Site "Czech Republic"]
[Date "2017.11.19"]
[Round "3.7"]
[White "Zvardon, Petr"]
[Black "Tovarek, Antonin"]
[Result "0-1"]
[WhiteElo "2007"]
[BlackElo "2010"]
[PlyCount "74"]
[EventDate "2017.10.15"]
[EventType "team-tourn"]
[EventRounds "11"]
[EventCountry "CZE"]
[SourceTitle "EXT 2022"]
[Source "ChessBase"]
[SourceDate "2021.10.06"]
[SourceVersion "1"]
[SourceVersionDate "2021.10.06"]
[SourceQuality "1"]
[WhiteTeam "Vsetin"]
[BlackTeam "Jundrov Jezdci"]
[WhiteTeamCountry "CZE"]
[BlackTeamCountry "CZE"]

1. Nf3 d5 2. c4 d4 3. g3 c5 4. b4 cxb4 5. Bg2 Nc6 6. a3 e5 7. d3 Nf6 8. 0-0 Bd7 9. Nbd2 bxa3 10. Qb3 Qb6 11. Bxa3 Qxb3 12. Nxb3 Bxa3 13. Rxa3 Bc8 14. Rb1 Nd7 15. Nfd2 Kd8 16. Ne4 Kc7 17. Ng5 Re8 18. Nxf7 b6 19. Ng5 Nf6 20. c5 Bb7 21. Ne4 Nxe4 22. Bxe4 b5 23. Bxh7 a5 24. Nd2 b4 25. Ra4 Ba6 26. Bg6 Re7 27. Be4 Bb5 28. Raa1 Ra7 29. Nc4 Bxc4 30. dxc4 d3 31. exd3 Nd4 32. Ra4 b3 33. Kf1 Re8 34. Rb2 Rb8 35. h4 Rb4 36. Ra3 a4 37. Rb1 Nc2 0-1

[Event "CZE-chT2E 1617"]
[Site "Czech Republic"]
[Date "2017.04.02"]
[Round "11.5"]
[White "Zvardon, Petr"]
[Black "Pech, Vaclav"]
[Result "1-0"]
[WhiteElo "2003"]
[BlackElo "2004"]
[PlyCount "67"]
[EventDate "2016.09.10"]
[EventType "team-tourn"]
[EventRounds "11"]
[EventCountry "CZE"]
[SourceTitle "EXT 2022"]
[Source "ChessBase"]
[SourceDate "2021.10.06"]
[SourceVersion "1"]
[SourceVersionDate "2021.10.06"]
[SourceQuality "1"]
[WhiteTeam "Vsetin"]
[BlackTeam "Vyskov"]
[WhiteTeamCountry "CZE"]
[BlackTeamCountry "CZE"]

1. Nf3 Nf6 2. g3 g6 3. Bg2 Bg7 4. 0-0 0-0 5. d3 d6 6. Nbd2 c5 7. e4 Nc6 8. c3 Nd7 9. Qe2 Rb8 10. Nh4 Qc7 11. f4 b5 12. Ndf3 b4 13. c4 a5 14. Be3 Bb7 15. Rad1 Nd4 16. Qf2 Qb6 17. Bh3 e6 18. f5 Nxf3+ 19. Nxf3 exf5 20. exf5 Nf6 21. Bg5 h6 22. fxg6 fxg6 23. Be3 Rbe8 24. Qd2 g5 25. Bg2 Ng4 26. Bxg5 hxg5 27. Qxg5 Ne3 28. Nh4 Rxf1+ 29. Rxf1 Bxg2 30. Nxg2 Nxg2 31. Qd5+ Kh8 32. Qh5+ Kg8 33. Qxe8+ Kh7 34. Qe4+ 1-0

[Event "CZE-chT2E 1617"]
[Site "Czech Republic"]
[Date "2017.01.29"]
[Round "7.4"]
[White "Hajek, Oskar"]
[Black "Zvardon, Petr"]
[Result "1-0"]
[WhiteElo "2133"]
[BlackElo "2003"]
[PlyCount "91"]
[EventDate "2016.09.10"]
[EventType "team-tourn"]
[EventRounds "11"]
[EventCountry "CZE"]
[SourceTitle "EXT 2022"]
[Source "ChessBase"]
[SourceDate "2021.10.06"]
[SourceVersion "1"]
[SourceVersionDate "2021.10.06"]
[SourceQuality "1"]
[WhiteTeam "Brno Lokomotiva II"]
[BlackTeam "Vsetin"]
[WhiteTeamCountry "CZE"]
[BlackTeamCountry "CZE"]

1. e4 c5 2. Nf3 e6 3. d3 Nc6 4. g3 g6 5. Bg2 Bg7 6. 0-0 Nge7 7. c3 0-0 8. Be3 b6 9. Qd2 d5 10. exd5 Nxd5 11. Bh6 Bb7 12. Bxg7 Kxg7 13. Na3 Qe7 14. Rfe1 Rad8 15. Rad1 h6 16. h4 a6 17. d4 Nf6 18. Qe3 cxd4 19. Nxd4 Nxd4 20. Rxd4 Bxg2 21. Kxg2 b5 22. Nc2 Rxd4 23. Nxd4 Qb7+ 24. Qf3 Qd5 25. Qxd5 Nxd5 26. Kf3 Kf6 27. Nb3 Rc8 28. Nd2 Ke7 29. Ke2 Nb6 30. Kd3 Rc5 31. b3 Rd5+ 32. Kc2 g5 33. hxg5 hxg5 34. c4 bxc4 35. bxc4 Ra5 36. Kb3 Rf5 37. f3 Nd7 38. Re3 Nc5+ 39. Kb4 a5+ 40. Kc3 Kd6 41. Nb3 Nxb3 42. axb3 Rc5 43. Kd4 f6 44. Rxe6+ Kxe6 45. Kxc5 Kf5 46. Kb6 1-0

[Event "CZE-chT2E 1617"]
[Site "Czech Republic"]
[Date "2016.12.11"]
[Round "5.6"]
[White "Sysel, Michal"]
[Black "Zvardon, Petr"]
[Result "1/2-1/2"]
[WhiteElo "1952"]
[BlackElo "2003"]
[PlyCount "98"]
[EventDate "2016.09.10"]
[EventType "team-tourn"]
[EventRounds "11"]
[EventCountry "CZE"]
[SourceTitle "EXT 2022"]
[Source "ChessBase"]
[SourceDate "2021.10.06"]
[SourceVersion "1"]
[SourceVersionDate "2021.10.06"]
[SourceQuality "1"]
[WhiteTeam "Brno Duras II"]
[BlackTeam "Vsetin"]
[WhiteTeamCountry "CZE"]
[BlackTeamCountry "CZE"]

1. Nf3 Nf6 2. d4 g6 3. e3 Bg7 4. Bd3 b6 5. 0-0 0-0 6. Nbd2 Bb7 7. b3 d6 8. Bb2 Nbd7 9. e4 Nh5 10. e5 Nf4 11. Ne4 d5 12. Ng3 c5 13. c3 Nxd3 14. Qxd3 a5 15. Qe3 e6 16. h4 f5 17. exf6 Qxf6 18. Rfe1 Rae8 19. Qd3 e5 20. Qb5 Bc6 21. Qe2 e4 22. Nh2 Qxh4 23. Ng4 h5 24. Ne3 Qf4 25. Rad1 Nf6 26. Ba3 cxd4 27. cxd4 Rf7 28. Rc1 Bd7 29. Rc2 Bf8 30. Bxf8 Rexf8 31. Qa6 Qd6 32. a3 h4 33. Ngf1 Ne8 34. Qb7 Nf6 35. Rec1 h3 36. g3 Ng4 37. Nxg4 Bxg4 38. Qc6 Rf6 39. Qxd6 Rxd6 40. Ne3 Bf3 41. Rc6 Rff6 42. Rxd6 Rxd6 43. Kh2 g5 44. g4 Rh6 45. Rc7 Rf6 46. Kxh3 Rh6+ 47. Kg3 Rh1 48. Rb7 Rg1+ 49. Kh2 Rh1+ 1/2-1/2

[Event "CZE-chT2F 1516"]
[Site "Czech Republic"]
[Date "2016.04.17"]
[Round "11.5"]
[White "Kaminsky, Rudolf"]
[Black "Zvardon, Petr"]
[Result "1-0"]
[WhiteElo "2094"]
[BlackElo "2008"]
[PlyCount "99"]
[EventDate "2015.10.18"]
[EventType "team-tourn"]
[EventRounds "11"]
[EventCountry "CZE"]
[SourceTitle "EXT 2022"]
[Source "ChessBase"]
[SourceDate "2021.10.06"]
[SourceVersion "1"]
[SourceVersionDate "2021.10.06"]
[SourceQuality "1"]
[WhiteTeam "Havirov Slovan"]
[BlackTeam "Vsetin"]
[WhiteTeamCountry "CZE"]
[BlackTeamCountry "CZE"]

1. d4 Nf6 2. Nf3 g6 3. b3 Bg7 4. Bb2 0-0 5. Nbd2 d5 6. g3 Bf5 7. Bg2 Qc8 8. h3 Nbd7 9. c4 dxc4 10. Nxc4 Be4 11. Ncd2 Bc6 12. Rc1 Nd5 13. 0-0 e6 14. Qc2 Nb4 15. Qb1 Bh6 16. e3 Re8 17. a3 Nd5 18. Rfe1 a5 19. Bf1 a4 20. b4 N5b6 21. Qc2 Qd8 22. b5 Bxf3 23. Nxf3 Rc8 24. Qd1 Qe7 25. Bg2 Nf6 26. Ne5 Nfd5 27. Nd3 Qd7 28. Rc5 Bf8 29. Bf1 Bd6 30. Rc2 Qe7 31. e4 Bxa3 32. exd5 Bxb2 33. Rxb2 Nxd5 34. Qxa4 h5 35. Bg2 Ra8 36. Qc2 Nf6 37. Bxb7 Ra3 38. Bc6 Rd8 39. Qc5 Qxc5 40. Nxc5 Rxd4 41. Na6 h4 42. Kh2 hxg3+ 43. fxg3 Rdd3 44. Nxc7 Rxg3 45. Bg2 Nh5 46. b6 Nf4 47. Bf1 Rgb3 48. Reb1 Ra2 49. Rxa2 Rxb1 50. Bb5 1-0

[Event "CZE-chT2F 1314"]
[Site "Czech Republic"]
[Date "2013.12.15"]
[Round "4.43"]
[White "Pacl, Vaclav"]
[Black "Zvardon, Petr"]
[Result "0-1"]
[WhiteElo "2150"]
[BlackElo "2034"]
[PlyCount "126"]
[EventDate "2013.11.03"]
[EventType "team-tourn"]
[EventRounds "11"]
[EventCountry "CZE"]
[SourceTitle "EXT 2016"]
[Source "ChessBase"]
[SourceDate "2015.10.08"]
[SourceVersion "1"]
[SourceVersionDate "2015.10.08"]
[SourceQuality "1"]
[WhiteTeam "Havirov Slovan"]
[BlackTeam "Hostalkova"]
[WhiteTeamCountry "CZE"]
[BlackTeamCountry "CZE"]

1. Nf3 Nf6 2. c4 g6 3. b4 Bg7 4. Bb2 0-0 5. d3 d6 6. Nbd2 e5 7. g3 h6 8. Bg2 c6 9. 0-0 Na6 10. a3 Be6 11. Qa4 Nd7 12. d4 e4 13. Nxe4 Nb6 14. Qc2 Nxc4 15. Bc3 Nc7 16. Rfd1 d5 17. Nc5 Bf5 18. Qc1 b6 19. Nd3 Nb5 20. a4 Nxc3 21. Qxc3 a5 22. Nb2 Nxb2 23. Qxb2 axb4 24. Qxb4 c5 25. Qc3 Re8 26. Ra2 Be4 27. e3 Qd7 28. Rda1 Ra5 29. Ne5 Bxe5 30. Bxe4 Bxd4 31. exd4 dxe4 32. dxc5 Rxc5 33. Qe3 Qc6 34. Ra3 h5 35. Rd1 Rc4 36. Rb1 Rc5 37. Rab3 Qxa4 38. Rxb6 Qc2 39. R6b3 Rd5 40. R1b2 Rd1+ 41. Kg2 Qc4 42. Qe2 Qc1 43. Rb8 Rg1+ 44. Kh3 Qc6 45. f3 Qe6+ 46. g4 hxg4+ 47. fxg4 Kg7 48. R2b7 Rh8+ 49. Rxh8 Kxh8 50. Rb5 Kh7 51. Rb4 e3 52. Rf4 Ra1 53. Rc4 Ra3 54. Kg3 Qd6+ 55. Kg2 Rd3 56. Rc2 Qd5+ 57. Kg3 Qe5+ 58. Kf3 Qd4 59. h3 Qd5+ 60. Kg3 Rd4 61. Rb2 Qe5+ 62. Kg2 Rf4 63. Qb5 Rf2+ 0-1

[Event "CZE-chT2E 1112"]
[Site "Czech Republic"]
[Date "2012.02.19"]
[Round "8.4"]
[White "Balsinek, Pavel"]
[Black "Zvardon, Petr"]
[Result "0-1"]
[WhiteElo "2084"]
[BlackElo "1980"]
[PlyCount "79"]
[EventDate "2011.10.09"]
[EventType "team-tourn"]
[EventRounds "11"]
[EventCountry "CZE"]
[SourceTitle "EXT 2013"]
[Source "ChessBase"]
[SourceDate "2012.11.22"]
[SourceVersion "1"]
[SourceVersionDate "2012.11.22"]
[SourceQuality "1"]
[WhiteTeam "Prusanky Podluzan"]
[BlackTeam "Hostalkova"]
[WhiteTeamCountry "CZE"]
[BlackTeamCountry "CZE"]

1. e4 e6 2. d4 d5 3. Nc3 Bb4 4. e5 c5 5. Bd2 Ne7 6. Nb5 Bxd2+ 7. Qxd2 0-0 8. dxc5 Nd7 9. f4 Nxc5 10. Bd3 Bd7 11. Nd4 Qb6 12. Ngf3 Rac8 13. Rb1 Nc6 14. c3 Nxd4 15. Nxd4 Nxd3+ 16. Qxd3 a6 17. Qe3 Bb5 18. h4 Rc4 19. Rh3 Rfc8 20. Rg3 Qa5 21. a3 Ba4 22. Rc1 Bd7 23. Rc2 Qd8 24. Rf2 f6 25. Re2 f5 26. Rg5 Qe7 27. g4 h6 28. Rg6 Rxd4 29. gxf5 exf5 30. Qxd4 Qxh4+ 31. Kd2 Be8 32. Rd6 Kh7 33. Rxd5 Bb5 34. Rf2 Rc4 35. Qb6 Bc6 36. Rd3 Rxf4 37. Rxf4 Qxf4+ 38. Qe3 Qh2+ 39. Qe2 Qxe2+ 40. Kxe2 0-1